000 00903nam a2200289Ia 4500
003 OSt
005 20221007125803.0
006 a|||||r|||| 00| 0
007 ta
008 221006b |||||||| |||| 00| 0 eng d
020 _a0716739070 (pbk)
037 _b1882, 28/03/2007, Unilib Book Distributors
_cTextbook
040 _aDGL
_cDGL
_beng
041 _2eng
_aeng
082 _aH413v, P5 Carg
100 _aStanley Steven M
_9722460
245 0 _aEarth system history
250 _a2
260 _aNew York
_bW H Freeman
_c2005
300 _axxi,567p.
_ccm.
500 _aAppendix 540-542p; Glossary 543-552p; Index 553-567p
650 _a Historical geology
_9722461
650 _a Physical geology
_9722462
650 _aGeology
942 _hH413v, P5 Carg
_cTB
_2CC
999 _c1215820
_d1215820